|
|
|
|
| LEADER |
00000naa a2200000uu 4500 |
| 001 |
vtls010962384 |
| 003 |
SK-MaSNL |
| 005 |
20260302121244.0 |
| 008 |
220810|2000 xo |||||||||||||||||cze| |
| 015 |
|
|
|a SNBRA
|
| 035 |
|
|
|a (urnnbn)urn:nbn:sk:snk:ar-a0bsvb
|
| 035 |
|
|
|a (uuid)2bce5876-77b3-406e-86e6-0c586e122606
|
| 035 |
|
|
|a urn:nbn:sk:snk-aaukic
|
| 040 |
|
|
|a SNKBUCL
|b slo
|c SNKBUCL
|e AACR2
|
| 041 |
0 |
|
|a cze
|
| 044 |
|
|
|a xo
|c SK
|
| 100 |
1 |
|
|a Tomšík, Karel
|4 aut
|9 803002
|
| 245 |
1 |
0 |
|a REGIONÁLNÍ ROZVOJ JIHOZÁPADNÍ MORAVY V KONTEXTU EVROPSKÉHO INTEGRAČNÍHO PROCESU
|c Karel Tomšík
|
| 246 |
3 |
|
|a REGIONAL DEVELOPMENT OF SOUTHWEST MORAVIA IN CONTEXT OF EUROPEAN INTEGRATION PROCESS
|
| 773 |
0 |
|
|t Zborník vedeckých prác z Medzinárodných vedeckých dní 2000
|d Nitra : Slovenská poľnohospodárska univerzita, 2000
|g S. 39-44
|z 807137718X
|
| 954 |
|
|
|a odborná, vedecká literatúra cudzojazyčná (svetová)
|2 lita
|
| 958 |
|
|
|a OND
|
| 958 |
|
|
|a article11
|
| 958 |
|
|
|a chapter
|
| 999 |
|
|
|c 1273213
|d 1275143
|